Name that Country - Picture Quiz #3 - Statistics

General Stats
  • This quiz has been taken 10 times
  • The average score is 8 of 12
Answer Stats
Picture Answer % Correct
Denmark
100%
Peru
100%
United Arab Emirates
100%
United Kingdom
100%
Italy
71%
Singapore
71%
Czech Republic
57%
Maldives
43%
New Zealand
43%
Saudi Arabia
43%
Kazakhstan
29%
Morocco
29%
No matching quizzes found
Score Distribution
Percent of People with Each Score
Percentile by Number Answered
Your Score History
You have not taken this quiz